| 000 | 00454nam a22001337a 4500 | ||
|---|---|---|---|
| 020 | _a9781420070743 | ||
| 082 |
_a621.367 _bGIR/RE |
||
| 245 | _aRemote Sensing of Land Use and Land Cover: Principles and Applications | ||
| 260 |
_aBoca Raton _bCRC Press, Taylor and Francis Group _c2012 |
||
| 300 | _a425 | ||
| 490 | _aTaylor and Francis Series in Remote sensing Applications : Qihao Weng - series Editor | ||
| 700 |
_aGiri, Chandra P. _91125 |
||
| 942 | _cBK | ||
| 999 |
_c14643 _d14643 |
||